| 000 | 00997cam a2200205 4500 | ||
|---|---|---|---|
| 001 | ##L131940 | ||
| 008 | 110927n2008 000 0 eng u | ||
| 035 | _a(Sirsi) u131940 | ||
| 041 | 0 | _aeng | |
| 050 | 0 | 4 | _a333.33 $2 18 |
| 110 | 1 |
_aUnited Kingdom _bOffice of Fair Trading _94767 |
|
| 245 | 0 | 4 |
_aThe estate agency guide _bwhat you need to know if you are engaged in estate agency work _h[electronic resource] |
| 260 |
_aLondon _bOFT _c2008 |
||
| 520 | _aThis booklet is for people who are engaged in estate agency work. It is based on the Estate Agents Act 1979 (the Act) and regulations and orders made under it, as amended from time to time including by the Consumers, Estate Agents and Redress Act 2007. | ||
| 590 | _aIKA030106 | ||
| 650 | 2 | 4 | _aESTATE AGENTS ACT 1979 |
| 690 | _aPROPERTY-RESIDENTIAL PROPERTY-RESIDENTIAL PROPERTY AGENCY | ||
| 856 | 4 | 0 |
_uhttps://www.oft.gov.uk/shared_oft/business_leaflets/general/oft031.pdf _zView the guide free of charge at www.oft.gov.uk |
| 942 | _n0 | ||
| 999 |
_c104912 _d104912 |
||